|
|
|
|
| LEADER |
00000nam0a2200000 4500 |
| 001 |
287703 |
| 005 |
20231102000021.0 |
| 020 |
|
|
|a RU
|b 85-63061
|
| 035 |
|
|
|a (RuTPU)RU\TPU\book\312130
|
| 090 |
|
|
|a 287703
|
| 100 |
|
|
|a 20150318d1985 m y0rusy5003 ca
|
| 101 |
0 |
|
|a rus
|
| 102 |
|
|
|a RU
|
| 105 |
|
|
|a a z 001zy
|
| 200 |
1 |
|
|a Механическое оборудование цехов по производству цветных металлов
|e учебное пособие
|f Л. С. Кохан, А. Г. Навроцкий
|
| 210 |
|
|
|a Москва
|c Металлургия
|d 1985
|
| 215 |
|
|
|a 312 с.
|c ил.
|
| 320 |
|
|
|a Библиогр.: с. 308
|
| 320 |
|
|
|a Предметный указатель: с. 309-312
|
| 606 |
|
|
|a Цветные металлы
|x Обработка
|x Механизация
|2 stltpush
|3 (RuTPU)RU\TPU\subj\17857
|9 43417
|
| 610 |
1 |
|
|a механическое оборудование
|
| 610 |
1 |
|
|a дробильные цеха
|
| 610 |
1 |
|
|a грохочение
|
| 610 |
1 |
|
|a руды
|
| 610 |
1 |
|
|a измельчение
|
| 610 |
1 |
|
|a классификация
|
| 610 |
1 |
|
|a обогащение
|
| 610 |
1 |
|
|a шихтование
|
| 610 |
1 |
|
|a окомкование
|
| 610 |
1 |
|
|a сушка
|
| 610 |
1 |
|
|a агломерация
|
| 610 |
1 |
|
|a обжиг
|
| 610 |
1 |
|
|a спекание
|
| 610 |
1 |
|
|a конверторные цеха
|
| 610 |
1 |
|
|a жидкие металлы
|
| 610 |
1 |
|
|a транспортировка
|
| 610 |
1 |
|
|a разливка
|
| 610 |
1 |
|
|a гидрометаллургические процессы
|
| 610 |
1 |
|
|a учебные пособия
|
| 675 |
|
|
|a 669.2:658.5
|v 3
|
| 700 |
|
1 |
|a Кохан
|b Л. С.
|g Лев Соломонович
|
| 701 |
|
1 |
|a Навроцкий
|b А. Г.
|g Александр Георгиевич
|
| 801 |
|
0 |
|a RU
|b RuMRKP
|c 19950704
|g psbo
|
| 801 |
|
1 |
|a RU
|b 63413507
|c 20150318
|
| 801 |
|
2 |
|a RU
|b 63413507
|c 20171120
|g RCR
|
| 942 |
|
|
|c BK
|